Quizzes
Events
Quiz Creation
Community
Videos
Private Events
Remove Ads
Sign In
Join for FREE
Feedback
Dark Mode
Quiz Categories
Sports
Geography
Music
Movies
Television
Just For Fun
Miscellaneous
History
Literature
Language
Science
Gaming
Entertainment
Religion
Holiday
For Kids
Quiz Lab
Recent
Popular Today
Quiz Kudos Today
Editor Picks
Curator Picks
Quizzes by...
Day
Popularity
Type
Ratings
Length
Year
Community
Subscriptions
Recent Discussions
Orange Saloon
Badges
Playlists
Quests
Create
Leaderboards
Showdown
Live 5
Trivia Bingo
Activity
Puzzle Library
Sporcle Events
Private Events
Virtual Trivia
Globe League
Become a Host
Pub Owners
SporcleCon
Opinionation
Our Games
Videos
Blog
Mobile Apps
Partnerships
Remove Ads and Go Orange
Feedback
Entertainment
Celebrity
Famous
Musical
Broadway
Show
Quote
Comic Books
Anime
Superhero
DC Comics
Marvel
Cartoons
Animation
Entertainment
Celebrity
Famous
Musical
Broadway
Show
Quote
Comic Books
Anime
Superhero
DC Comics
Marvel
Cartoons
Animation
Random Quiz
Search Sporcle
×
Quiz Lab
Quiz Lab
Entertainment
Type in answers that appear in a list
Type in answers that appear in a list
Classic
Best Score? Go Orange.
Dubtrack Stats
Can you name the Dubtrack?
By
notyourmother_
10m
32 Questions
9 Plays
9 Plays
9 Plays
Comments
Comments
Give Quiz Kudos
Give Quiz Kudos
-
- Ratings
hide this ad
Replay
Link that replays current quiz
Next Quiz
Link to next quiz in quiz playlist
You Got
0%
They Got
Avg Score
70%
Avg Friend Score
Upgrade to see
Score Distribution
Jump to the score distribution portion of the page
Score
0/32
Timer
10:00
0
Plays Today
Hint
Answer
% Correct
Brung
Koen
88.9%
Witt Lowry
Che
88.9%
True Geordy
Anne
88.9%
( ͡° ͜ʖ ͡°)
Daði
88.9%
k
Dani
88.9%
PEC Zwolle Career Mode
Rosh
88.9%
Barts boyfriend
Jake
88.9%
Around the World
Dorus
88.9%
Doesn't realise Anne changed his name like a month ago
Theo
88.9%
Colin
Adil
77.8%
Don't queue my songs!
Fatass
77.8%
Magic Mike
Fork
77.8%
Has to really take a ****
David
77.8%
Hi Dave! :)
Wille
77.8%
Corpse cakes
Harry
77.8%
Thinks he's black
Bart
77.8%
Hint
Answer
% Correct
First one to go on mic on Discord
Nick
77.8%
Reason talkies got into Discord
Dev
77.8%
Unable to play Hax
Benas
77.8%
Really dislikes Che
Ruben
77.8%
White Manny
Roald
66.7%
CPU-
Nutzung
Lukas
66.7%
1704
Joson
66.7%
Was voted to be the Dictator of Dub
Chew
66.7%
Had a Dub account purely for college
Joey
55.6%
Aha
Sonny
55.6%
Stop Political Correctness
Valour
55.6%
voor welleke club bende gij
Enes
44.4%
Nicks pal
Jordi
44.4%
Won Euro sticker album
Michal
33.3%
The forgotten one
mjb
22.2%
Football edits
Victor
11.1%
Quiz Playlist
Details
Report
Send in Message
Add To Playlist
Classic:
Type in answers that appear in a list
Last Updated: Aug 30, 2017
Quiz Scoreboard
CHALLENGE
Sign Up to Join the Scoreboard
Show All
Scores
Hide
Comments
May contain spoilers
Recently Published
An Introduction to Baseball
by treessimontrees
Sports
5m
Movies - When Are They Set?
by FPL_Elf
Movies
5m
Popular People in 1961
by mucciniale
History
6m
More to Explore
Quiz From the Vault
Featured Blog Post
Where Did the Easter Bunny Come From?
hide this ad
You Might Also Like...
Tags
This quiz does not have any tags.
Today's Top Quizzes in Entertainment
Browse Entertainment
hide this ad
Top Contributed Quizzes in Entertainment
1
7-to-1: DC Comics Villains
2
Kamen Rider Motifs
3
Dragon Ball Z: Goku's Fights in Order
4
Marvel Characters Bunker
5
Eurovision 2023 Logic Puzzle
6
Dragon Ball Z: Mega Character Search
7
Criteria Quickie: Cartoon Taxonomy II
8
Fictional Villains Letter U Blitz
9
Sorting Pictures: Villains
10
Who Wants to Be a Millionaire: Anime Edition
Explore More
Trending Topics
Anime
Marvel
Kpop
Harry Potter
Disney
Crossword
NBA
NFL
Puzzle
Pokémon
WWE
Song
Soccer
Country
The Office
hide this ad
More By:
notyourmother_
Quiz
Plays
Rating
Category
Featured
Created
Dubtrack
9
Entertainment
Aug 30, 2017
Go to Creator's Profile
Score Distribution
Quiz Creator Spotlight
notyourmother_
Follow
Send a Message
Quizzes Created
-
Created Quiz Play Count
-
More By This Creator
Popular Quizzes Today
1
Find the Countries of Europe - No Outlines Minefield
2
Find the US States - No Outlines Minefield
3
The Countries of the World
4
Popular People in 1961
5
Find the US States
6
US States
7
1-10 Letter E Words III
8
Risky Map Clicking: Biggest States A-Z
More Entertainment Quizzes
Famous Person by Dressed-Up Animals
Editor's Pick
Trending Quizzes
Risky Map Clicking: Least Populous States A-Z
1-10 Letter F Words
1-10 Letter G Words
Not Quite an Element Typing Challenge
One Thing in Common: United Kingdom
Recently Updated
Leaping Animals
pecheneg
Reality TV Shows (A-Z)
bhenderson79
Rickey Henderson's Hall of Fame Teammates
pecheneg
Champions League XIs: Arsenal
pecheneg
Quick Pick: Celebrities in WWE's Hall of Fame
aduchscher
A-Z Keypad Blitz II
pecheneg
Multiple Oscar Actors
pecheneg
Mystery Phrase Blitz: Oscar 'Best Actors'
pecheneg
F. Scott Fitzgerald Novels
LTH
Pick 3 Villains
ddd62291
Trending Topics
Anime
Kpop
Crossword
Marvel
NBA
Disney
Harry Potter
Soccer
The Office
WWE
Country
NFL
Pokémon
Puzzle
Song
Your Account Isn't Verified!
In order to create a playlist on Sporcle, you need to verify the email address you used during registration. Go to your
Sporcle Settings
to finish the process.
Report this User
Report this user for behavior that violates our
Community Guidelines
.
Details:
Send Report
Go to the Sporcle.com Mobile Site →
Comments